000 00868nam a2200217 i 4500
001 163123
003 ES-MaACL
005 20250827075022.0
008 050711s1788 pl | |||||||| ||ger d
040 _aCAM
_bspa
_cCAM
100 1 _aRedelykheid, Cornelius.
_9131652
245 1 0 _aAbhandlung uber die Maurerarbeit an Festungswerken, welche ein Ingenieur nothwendig verstehen musz ... /
_caus dem hollandischen des Cornelius Redelykheid; ubersezt von C.R. v. Lindener.
260 _aBreslau :
_bWilhelm Gottlieb Korn,
_c1788.
300 _a[4], 108 p., VII h. de grab. ;
_c8º.
597 _aSign.: []\p2\s, A-F\p8\s, G\p6\s.
599 _aLas h. de grab. calc.
650 7 _aIngeniería
_2embne
_913767
752 _aPolonia -
_dBreslau
852 _aES-MaACL
_jR-2955
_z-- Enc. hol.
_z-- Legado M. de la Fuente
_x Olim:D-1167
999 _c163123
_d163123